[Event "Nuremberg Zabo op 20th"]
[Site "Nuremberg"]
[Date "2018.09.15"]
[Round "1"]
[White "Brenner, Christian"]
[Black "Hanft, Guenter"]
[Result "1-0"]
[WhiteElo "1941"]
[BlackElo "1493"]
[PlyCount "59"]
[EventDate "2018.09.15"]
[EventType "swiss"]
[EventRounds "5"]
[EventCountry "GER"]
[SourceTitle "EXT 2020"]
[Source "ChessBase"]
[SourceDate "2019.10.17"]
[SourceVersion "1"]
[SourceVersionDate "2019.10.17"]
[SourceQuality "1"]

1. e4 c5 2. Nf3 d6 3. d4 cxd4 4. Bc4 e6 5. 0-0 Be7 6. Nxd4 Nf6 7. Nc3 a6 8. Bb3 0-0 9. f4 Qc7 10. Be3 Nc6 11. Kh1 Bd7 12. Nf3 Na5 13. e5 dxe5 14. fxe5 Ng4 15. Bf4 Nxb3 16. cxb3 Bc5 17. Ng5 Nf2+ 18. Rxf2 Bxf2 19. Qh5 h6 20. Nge4 Bd4 21. Rd1 Bxc3 22. bxc3 Bc6 23. Nf6+ gxf6 24. Qxh6 Rfd8 25. Rg1 fxe5 26. Qg5+ Kf8 27. Bxe5 Qc8 28. Rf1 Rd5 29. Qg7+ Ke8 30. Qg8+ 1-0

[Event "Zirndorf Cup"]
[Site "Zirndorf"]
[Date "2017.09.03"]
[Round "7"]
[White "Hanft, Guenter"]
[Black "Hohner, Karl Heinz"]
[Result "0-1"]
[WhiteElo "1717"]
[BlackElo "1794"]
[PlyCount "74"]
[EventDate "2017.08.30"]
[EventType "swiss"]
[EventRounds "7"]
[EventCountry "GER"]
[SourceTitle "CBM 180 Extra"]
[Source "ChessBase"]
[SourceDate "2017.10.06"]
[SourceVersion "1"]
[SourceVersionDate "2017.10.06"]
[SourceQuality "1"]

1. e4 e5 2. Nf3 Nc6 3. Bc4 Bc5 4. c3 d6 5. h3 Nf6 6. d3 Bb6 7. Nbd2 0-0 8. Nf1 Qe7 9. Ng3 h6 10. 0-0 Be6 11. Bb3 Rad8 12. Bxe6 fxe6 13. Qe2 Qf7 14. Be3 Nh5 15. Nxh5 Qxh5 16. Bxb6 axb6 17. Qe3 Rf6 18. Nh2 Rdf8 19. Ng4 Rf4 20. Rae1 Qf7 21. Qg3 Qg6 22. Re3 h5 23. Nh2 Qh6 24. Re2 Kh7 25. Qe3 g5 26. g3 R4f6 27. Kg2 Qg6 28. a3 g4 29. hxg4 hxg4 30. Rh1 Kg7 31. f3 gxf3+ 32. Nxf3 Rxf3 33. Qxf3 Rxf3 34. Kxf3 Nd8 35. Rh4 Nf7 36. Rg4 Ng5+ 37. Kg2 Qh5 0-1

[Event "GER-chA Seniors 27th"]
[Site "Magdeburg"]
[Date "2015.08.21"]
[Round "7"]
[White "Strohbusch, Frank"]
[Black "Hanft, Guenter"]
[Result "1-0"]
[WhiteElo "1846"]
[BlackElo "1733"]
[PlyCount "105"]
[EventDate "2015.08.15"]
[EventType "swiss"]
[EventRounds "9"]
[EventCountry "GER"]
[SourceTitle "EXT 2018"]
[Source "ChessBase"]
[SourceDate "2017.10.13"]
[SourceVersion "1"]
[SourceVersionDate "2017.10.13"]
[SourceQuality "1"]

1. e4 e6 2. Nc3 d5 3. d3 Bb4 4. Bd2 Ne7 5. Nf3 c5 6. a3 Ba5 7. Rb1 Nbc6 8. g3 a6 9. Qe2 d4 10. Nd1 Bxd2+ 11. Qxd2 Ng6 12. Bg2 e5 13. b4 cxb4 14. axb4 0-0 15. c3 b5 16. 0-0 Bg4 17. c4 bxc4 18. dxc4 f5 19. h3 fxe4 20. Nxe5 Ngxe5 21. hxg4 Nxc4 22. Qe2 Nd6 23. Bxe4 Nxe4 24. Qxe4 Qb6 25. b5 axb5 26. Qd5+ Kh8 27. Rxb5 Qa6 28. Nb2 Rad8 29. Qc5 Rb8 30. Rxb8 Rxb8 31. Nc4 Qb5 32. Qxb5 Rxb5 33. Rd1 Kg8 34. Kf1 Kf8 35. Nd6 Rd5 36. Ne4 d3 37. Ke1 Ne5 38. f4 Nxg4 39. Kd2 Ke7 40. Rc1 Rd7 41. Nc5 Rd5 42. Nxd3 Nf2 43. Re1+ Kf6 44. Re3 Nxd3 45. Rxd3 Rxd3+ 46. Kxd3 Kf5 47. Ke3 Kg4 48. Kf2 Kh3 49. Kf3 h5 50. f5 Kh2 51. g4 Kh3 52. g5 Kh4 53. Kf4 1-0

[Event "GER-chA Seniors 27th"]
[Site "Magdeburg"]
[Date "2015.08.20"]
[Round "6"]
[White "Hanft, Guenter"]
[Black "Grassmann, Heinz"]
[Result "0-1"]
[WhiteElo "1733"]
[BlackElo "1952"]
[PlyCount "140"]
[EventDate "2015.08.15"]
[EventType "swiss"]
[EventRounds "9"]
[EventCountry "GER"]
[SourceTitle "EXT 2018"]
[Source "ChessBase"]
[SourceDate "2017.10.13"]
[SourceVersion "1"]
[SourceVersionDate "2017.10.13"]
[SourceQuality "1"]

1. e4 c5 2. Nf3 d6 3. d4 cxd4 4. Nxd4 Nf6 5. Nc3 a6 6. Be2 e6 7. Be3 Be7 8. Qd2 Bd7 9. 0-0 Qc7 10. f4 0-0 11. Bf3 Nc6 12. Nb3 b5 13. a3 Rac8 14. Qf2 Rb8 15. Rfd1 Rfc8 16. Rd2 a5 17. Nd4 Nxd4 18. Bxd4 Bc6 19. e5 Ne8 20. exd6 Bxd6 21. g3 Bxf3 22. Qxf3 Bc5 23. Bxc5 Qxc5+ 24. Kg2 b4 25. Ne4 Qf5 26. c3 Rc4 27. Re2 Qd5 28. axb4 axb4 29. Nd2 Rc5 30. cxb4 Rcb5 31. b3 Qd4 32. Ra4 Rxb4 33. Rxb4 Qxb4 34. Qe4 Qa3 35. Qc4 g6 36. Qc3 Nd6 37. Qe3 Rb5 38. Qc3 Rc5 39. Qf3 Rb5 40. Qc6 Rd5 41. Qc3 Qa2 42. Kf3 Qa6 43. Re3 Nf5 44. Qc4 Qa1 45. Rd3 Qh1+ 46. Ke2 Qxh2+ 47. Ke1 Rxd3 48. Qxd3 Nxg3 49. Nf3 Qh1+ 50. Kd2 Qg2+ 51. Kc3 Nf5 52. b4 Qf2 53. b5 Qc5+ 54. Kb2 Qb4+ 55. Kc2 Qxf4 56. Kb3 Qc7 57. Kb4 Ne7 58. Nd4 Nd5+ 59. Kb3 h5 60. Qh3 Qe5 61. Nc6 Qe4 62. Qg3 h4 63. Qb8+ Kg7 64. b6 Qb1+ 65. Kc4 Nxb6+ 66. Kd4 Qg1+ 67. Kd3 Qf1+ 68. Kd4 Qc4+ 69. Ke3 Qxc6 70. Qe5+ f6 0-1

[Event "GER-chA Seniors 27th"]
[Site "Magdeburg"]
[Date "2015.08.19"]
[Round "5"]
[White "Gudat, Alfons"]
[Black "Hanft, Guenter"]
[Result "1-0"]
[WhiteElo "1969"]
[BlackElo "1733"]
[PlyCount "55"]
[EventDate "2015.08.15"]
[EventType "swiss"]
[EventRounds "9"]
[EventCountry "GER"]
[SourceTitle "EXT 2018"]
[Source "ChessBase"]
[SourceDate "2017.10.13"]
[SourceVersion "1"]
[SourceVersionDate "2017.10.13"]
[SourceQuality "1"]

1. Nf3 d5 2. d4 Nf6 3. c4 c6 4. e3 e6 5. Nc3 Bd6 6. Qc2 Nbd7 7. Be2 0-0 8. 0-0 dxc4 9. e4 e5 10. Rd1 Qc7 11. h3 a6 12. Bg5 exd4 13. Nxd4 b5 14. Nf5 Bc5 15. Bh4 Qb6 16. Bg3 Bb4 17. e5 Bxc3 18. Ne7+ Kh8 19. bxc3 Nd5 20. Nxd5 cxd5 21. Rxd5 Nc5 22. Rad1 Bb7 23. Rd6 Qa5 24. R1d4 Na4 25. Rh4 g6 26. e6 Rae8 27. Be5+ f6 28. Qxg6 1-0

[Event "Oberfranken-ch"]
[Site "Schney"]
[Date "2015.01.03"]
[Round "2"]
[White "Fischer, Andreas"]
[Black "Hanft, Guenter"]
[Result "1-0"]
[WhiteElo "1719"]
[BlackElo "1716"]
[PlyCount "49"]
[EventDate "2015.01.03"]
[EventType "swiss"]
[EventRounds "7"]
[EventCountry "GER"]
[SourceTitle "CBM 164 Extra"]
[Source "ChessBase"]
[SourceDate "2015.03.02"]
[SourceVersion "1"]
[SourceVersionDate "2015.03.02"]
[SourceQuality "1"]

1. f4 d5 2. Nf3 c5 3. d3 e6 4. c3 Nf6 5. Qc2 Nc6 6. e4 Be7 7. e5 Nd7 8. Be3 f6 9. d4 cxd4 10. cxd4 Bb4+ 11. Bd2 0-0 12. Nc3 fxe5 13. fxe5 Nb6 14. Bd3 h6 15. Be3 Bd7 16. Rc1 Rc8 17. Qe2 Na4 18. 0-0 Nxc3 19. bxc3 Be7 20. Bb1 Rf5 21. g4 Bg5 22. gxf5 Bxe3+ 23. Qxe3 exf5 24. e6 Qe8 25. Bxf5 1-0

[Event "Nuremberg Zabo op 16th"]
[Site "Nuremberg"]
[Date "2014.09.21"]
[Round "5"]
[White "Hahn, Thomas1111"]
[Black "Hanft, Guenter"]
[Result "1-0"]
[WhiteElo "1702"]
[BlackElo "1476"]
[PlyCount "67"]
[EventDate "2014.09.19"]
[EventType "swiss"]
[EventRounds "5"]
[EventCountry "GER"]
[SourceTitle "EXT 2018"]
[Source "ChessBase"]
[SourceDate "2017.10.13"]
[SourceVersion "1"]
[SourceVersionDate "2017.10.13"]
[SourceQuality "1"]

1. e4 c5 2. Nf3 d6 3. d4 cxd4 4. Nxd4 Nf6 5. Nc3 g6 6. Be2 Bg7 7. Be3 Nc6 8. Qd2 0-0 9. 0-0-0 d5 10. exd5 Nxd5 11. Nxc6 bxc6 12. Nxd5 cxd5 13. Qxd5 Qxd5 14. Rxd5 Bb7 15. Rd7 Rfb8 16. c3 e6 17. f3 a5 18. Rhd1 Bd5 19. a3 h5 20. Ra7 Rxa7 21. Bxa7 Rc8 22. Bb6 a4 23. Ba5 Bh6+ 24. Kb1 Kg7 25. Bb4 Bf4 26. h3 Be5 27. Bb5 Bb3 28. Rd7 h4 29. Be7 Bxc3 30. bxc3 Rxc3 31. Rd2 f6 32. Bb4 Re3 33. Kb2 Re1 34. Rd7+ 1-0

[Event "Nuremberg Zabo op 16th"]
[Site "Nuremberg"]
[Date "2014.09.20"]
[Round "2"]
[White "Hanft, Guenter"]
[Black "Hoffmann, Sebastian1111"]
[Result "1-0"]
[WhiteElo "1476"]
[BlackElo "1681"]
[PlyCount "117"]
[EventDate "2014.09.19"]
[EventType "swiss"]
[EventRounds "5"]
[EventCountry "GER"]
[SourceTitle "EXT 2018"]
[Source "ChessBase"]
[SourceDate "2017.10.13"]
[SourceVersion "1"]
[SourceVersionDate "2017.10.13"]
[SourceQuality "1"]

1. Nf3 Nc6 2. d4 d5 3. Bg5 f6 4. Bh4 Bg4 5. e3 g5 6. Bg3 e5 7. Be2 e4 8. Ng1 Bxe2 9. Nxe2 Nh6 10. h4 gxh4 11. Rxh4 Nf5 12. Rh3 Nxg3 13. Nxg3 Qe7 14. Qh5+ Qf7 15. a3 Bd6 16. Nf5 Qxh5 17. Nxd6+ Kd7 18. Rxh5 Kxd6 19. Rh6 Rag8 20. g3 Rg6 21. Rh4 Nd8 22. Nc3 c6 23. Ke2 Nf7 24. Rah1 Ng5 25. Rh6 Rhg8 26. Na4 b6 27. b4 Ke6 28. Nb2 Rc8 29. R6h5 c5 30. dxc5 bxc5 31. Rd1 cxb4 32. axb4 Rb8 33. Ra1 Rxb4 34. Ra6+ Ke5 35. Nd1 Rg7 36. Rh6 Rb6 37. Ra5 Rc7 38. c3 Rcb7 39. c4 Rd6 40. Rh5 Ke6 41. cxd5+ Rxd5 42. Ra6+ Rd6 43. Ra2 Rc7 44. Rh1 Rdc6 45. Kf1 Rc1 46. Kg2 Rd7 47. Nb2 Rxh1 48. Kxh1 Rd2 49. Kg2 Nf3 50. Ra6+ Kf5 51. Ra5+ Kg4 52. Rxa7 Rxb2 53. Rg7+ Ng5 54. Rg8 Rb7 55. Rd8 Rc7 56. Rd4 f5 57. Rd6 Rg7 58. Rh6 Rg6 59. Rh4# 1-0

[Event "Forchheim op-B 12th"]
[Site "Forchheim"]
[Date "2013.09.29"]
[Round "5"]
[White "Hanft, Guenter"]
[Black "Vaintroub, Maximilian"]
[Result "0-1"]
[WhiteElo "1891"]
[BlackElo "1766"]
[PlyCount "70"]
[EventDate "2013.09.27"]
[EventType "swiss"]
[EventRounds "5"]
[EventCountry "GER"]
[SourceTitle "EXT 2019"]
[Source "ChessBase"]
[SourceDate "2018.10.10"]
[SourceVersion "1"]
[SourceVersionDate "2018.10.10"]
[SourceQuality "1"]

1. e4 c5 2. Nf3 Nc6 3. d4 cxd4 4. Nxd4 g6 5. Be3 Bg7 6. Nc3 Nf6 7. Be2 0-0 8. 0-0 d5 9. Nxc6 bxc6 10. exd5 Nxd5 11. Nxd5 cxd5 12. Qc1 d4 13. Bh6 e5 14. Bxg7 Kxg7 15. c3 d3 16. Bf3 Rb8 17. c4 Qd4 18. Qc3 Qxc3 19. bxc3 f5 20. Bd5 Ba6 21. Rab1 Rxb1 22. Rxb1 d2 23. Kf1 Rd8 24. Bf3 Bxc4+ 25. Kg1 Bxa2 26. Rb7+ Kh6 27. Bd1 a5 28. f3 a4 29. Rb2 Bb3 30. Rb1 Bxd1 31. Rxd1 a3 32. Kf2 a2 33. Ke2 e4 34. Rg1 d1Q+ 35. Rxd1 Rxd1 0-1

[Event "Forchheim op-B 12th"]
[Site "Forchheim"]
[Date "2013.09.29"]
[Round "4"]
[White "Novak, Josua"]
[Black "Hanft, Guenter"]
[Result "1-0"]
[WhiteElo "1902"]
[BlackElo "1891"]
[PlyCount "86"]
[EventDate "2013.09.27"]
[EventType "swiss"]
[EventRounds "5"]
[EventCountry "GER"]
[SourceTitle "EXT 2019"]
[Source "ChessBase"]
[SourceDate "2018.10.10"]
[SourceVersion "1"]
[SourceVersionDate "2018.10.10"]
[SourceQuality "1"]

1. e4 c5 2. Nf3 Nc6 3. d4 cxd4 4. Nxd4 Nf6 5. Nc3 d6 6. Bg5 e6 7. Qd2 Be7 8. 0-0-0 a6 9. f4 Bd7 10. Kb1 b5 11. Bxf6 Bxf6 12. Nxc6 Bxc6 13. Qxd6 Qxd6 14. Rxd6 Rc8 15. e5 Be7 16. Rd1 Bb4 17. Ne2 Rd8 18. Rxd8+ Kxd8 19. Nd4 Bb7 20. Bd3 Kc7 21. Nb3 Kb6 22. a3 Be7 23. Rd1 h5 24. Bf1 Rd8 25. Kc1 h4 26. Rxd8 Bxd8 27. Kd2 Bd5 28. Nd4 Be7 29. c3 g5 30. g3 hxg3 31. hxg3 gxf4 32. gxf4 Bh4 33. Be2 Bf2 34. Bh5 Kc5 35. b4+ Kb6 36. Bxf7 Bxd4 37. cxd4 Kc6 38. Be8+ Kb6 39. Bf7 Kc6 40. Ke3 Kd7 41. f5 Ke7 42. Bxe6 Bxe6 43. fxe6 Kxe6 1-0